| 000 | 02436cam a22005294i 4500 | ||
|---|---|---|---|
| 003 | PE-LiUPU | ||
| 005 | 20250731184110.0 | ||
| 008 | 150625s2007 ilua rb 001 0 eng d | ||
| 020 | _a0226823369 | ||
| 020 | _a(Sirsi) i9780226823362 | ||
| 020 | _a0226823377(paper) | ||
| 020 | _a9780226823379(paper) | ||
| 035 | _a(Sirsi) i9780226823362 | ||
| 040 |
_aPE-LiUPU _bspa _cPE-LiUPU _erda |
||
| 049 | _aPRUA | ||
| 082 | 0 | 4 |
_a808.02 _bT95 _221 |
| 100 | 1 |
_aTurabian, Kate L., _d1893-1987, _eautor. |
|
| 245 | 1 | 2 |
_aA manual for writers of research papers, theses, and dissertations / _cKate L.Turabian. |
| 250 | _a7 edición | ||
| 264 | 1 |
_aChicago : _bUniversity of Chicago Press, _c2007. |
|
| 300 |
_a466 páginas : _bilustraciones ; _c23 centímetros |
||
| 336 |
_atext _2rdacontent |
||
| 337 |
_aunmediated _2rdamedia |
||
| 338 |
_avolume _2rdacarrier |
||
| 504 | _aBibliografía: páginas 409-435. | ||
| 504 | _aÍndice: páginas 439-466. | ||
| 505 | 0 | _aResearch and writing: from planning to production -- Source citation -- Style. | |
| 526 | _aP145 | ||
| 526 | _aP127 | ||
| 526 | _aP97 | ||
| 526 | _aP14 | ||
| 526 | _aP07 | ||
| 541 | _g103-3336991-5762639; | ||
| 650 | 1 | 4 |
_aEscritos académicos _vManuales. |
| 650 | 1 | 4 |
_aTesis y disertaciones académicas _xManuales. |
| 910 |
_adbm _bksl _cksl _d20190716 |
||
| 942 |
_2ddc _cBOOK |
||
| 949 |
_a808.02 T95 _wDEWEY _c1 _i59369 _lCCODEBUL1 _mBUL _p12.00 _r0 _sY _tBOOK _u2015-6-25 _xTEOLOGIA _zUNKNOWN _0COMPRA _o.STAFF. Colección Teología |
||
| 949 |
_a808.02 T95 _wDEWEY _c2 _i57551 _lCCODEBUL1 _mBUL _p88.00 _r0 _sY _tBOOK _u2015-6-25 _xTEOLOGIA _zUNKNOWN _0COMPRA _o.STAFF. Colección Teología |
||
| 994 |
_aC0 _bPEPRU |
||
| 596 | _a1 | ||
| 999 |
_a808.02 T95 _wDEWEY _c46575 _i59369 _lLOST _mBUL _p12.00 _r1 _sY _tBOOK _u2015-6-25 _xTEOLOGIA _zUNKNOWN _0COMPRA _o.STAFF. Colección General _d46575 |
||
| 999 |
_a808.02 T95 _wDEWEY _c2 _i57551 _d2019-7-1 _e2017-9-29 _f2021-11-11 _g5 _lCCODEBUL1 _mBUL _n1 _p88.00 _q2 _r0 _sY _tBOOK _u2015-6-25 _xTEOLOGIA _PP35 _0COMPRA _o.STAFF. Colección Teología |
||
| 999 |
_a808.02 T95 _wDEWEY _c3 _i80292 _d2022-6-7 _f2021-11-11 _g3 _lCCODEBUL1 _mBUL _p15.00 _q2 _r0 _sY _tBOOK _u2019-7-16 _xTEOLOGIA _PP35 _0DONACION _o.STAFF. Colección Teología |
||
| 980 |
_81 _gALBERTO SANCHEZ Responsable de Automatización |
||